EU Countries by enlargments - Statistics

General Stats
  • This quiz has been taken 15 times
  • The average score is 18 of 29
Answer Stats
Hint Answer % Correct
1952 Belgium
88%
1952 France
88%
1952 Germany
88%
1952 Italy
88%
1952 Luxembourg
88%
1973 Denmark
75%
1981 Greece
75%
1952 Netherlands
75%
1986 Portugal
75%
1985 Spain
75%
2020 (left) United Kingdom
75%
1995 Austria
63%
2007 Bulgaria
63%
2010 Croatia
63%
1973 Ireland
63%
2007 Romania
63%
1973 United Kingdom
63%
2004 Estonia
50%
1995 Finland
50%
2004 Latvia
50%
2004 Lithuania
50%
2004 Poland
50%
2004 Slovakia
50%
2004 Slovenia
50%
1995 Sweden
50%
2004 Cyprus
38%
2004 Czech Republic
38%
2004 Hungary
38%
2004 Malta
38%
No matching quizzes found
Score Distribution
Percent of People with Each Score
Percentile by Number Answered
Your Score History
You have not taken this quiz